Derechos Humanos de las Mujeres: asignaturas pendientes del Estado Argentino : contrainforme. Convención sobre la Eliminación de todas las formas de Discriminación contra la Mujer (CEDAW).

Guardado en:
Autores Corporativos: Asociación de Especialistas Universitarias en estudios de la Mujer, Asociación Mujeres en Acción, Centro de Estudios Legales y Sociales, Comité Latinoamericano para la Defensa de los Derechos de la Mujer, Feministas en Acción, Fundación para Estudio e Investigación de la Mujer, Instituto Social y Político de la Mujer
Formato: Libro
Idioma:Spanish
Publicado: Buenos Aires : Asociación de Especialistas Universitarias en estudios de la Mujer, 2002
Materias:
Etiquetas: Agregar Etiqueta
Sin Etiquetas, Sea el primero en etiquetar este registro!
LEADER 01042nam a22002055a 4500
001 DER.der003737
008 180615s2002####ag#||||||||||||||#||spa||
005 20260210162920.0
245 1 0 |a Derechos Humanos de las Mujeres: asignaturas pendientes del Estado Argentino :  |b contrainforme. Convención sobre la Eliminación de todas las formas de Discriminación contra la Mujer (CEDAW). 
260 |a Buenos Aires :  |b Asociación de Especialistas Universitarias en estudios de la Mujer,  |c 2002 
300 |a 28 p. 
710 1 |a Asociación de Especialistas Universitarias en estudios de la Mujer  |9 ADEUEM 
710 1 |a Asociación Mujeres en Acción 
710 1 |a Centro de Estudios Legales y Sociales  |9 CELS 
710 1 |a Comité Latinoamericano para la Defensa de los Derechos de la Mujer  |9 CLADEM - ARGENTINA 
710 1 |a Feministas en Acción 
710 1 |a Fundación para Estudio e Investigación de la Mujer  |9 FEIM 
710 1 |a Instituto Social y Político de la Mujer  |9 ISPM 
650 7 |a DERECHOS HUMANOS 
859 |a DERECHO  |b BIB. DERECHO  |h 331.4  |i DER  |p 005323